000 01574nam a22002057a 4500
003 OSt
005 20231222114432.0
008 231220s2008 ag ||||| |||| 00| 1 spa d
020 _a9789875802575
040 _cbesoc
100 1 _aSheldon, Sidney,
_eautor
_d1917-2007
245 1 1 _a¿Tienes miedo a la oscuridad? /
_cSidney Sheldon ; traductor Julio Sierra
260 _aBuenos Aires :
_bBooket,
_c2008
300 _a338 p.
490 0 _aBiblioteca Sidney Sheldon
520 _aEn Berlín, una mujer es secuestrada en plena calle; en París, un hombre se tira desde la Torre Eiffel; en Denver, un pequeño avión choca contra una montaña y en Nueva York, el East River arroja un cadáver a la playa. Kelly Harris y Diane Stevens -ambas jóvenes viudas de dos de los asesinados- se encuentran en Nueva York, donde Tanner Kingsley, el jefe de KIG, les asegura que está poniendo todo su esfuerzo en averiguar quién los mató. Puede que sea tarde, porque ahora alguien está tratando de matarlas a ellas. ¿Quién y por qué? Forzadas a estar unidas para protegerse, tratan de encontrar una respuesta mientras participan de un espeluznante juego del gato y el ratón contra fuerzas desconocidas que quieren aniquilarlas. Tensa, electrizante, perturbadora, la esperada nueva novela de Sidney Sheldon muestra al autor de éxitos inolvidables en plena posesión de sus recursos para crear thrillers que mantienen en vilo al lector hasta la última página.
650 4 _aLiteratura norteamericana
_vNovela
_ySiglo XX
700 1 _aSierra, Julio
_etraductor
942 _2udc
_cOG
_n0
999 _c166
_d166